00386nam a2200109Ia 450000500170000000800410001710000260005824501170008426000450020130000100024665000200025620260328101452.0260328s9999||||xx |||||||||||||| ||und|| aOtero, Wilson Augusto 0aGuía Simplificada para la Elaboración del Plan de Ordenamiento Territorial Municipal /cWilson Augusto Otero bInstituto Geográfico Agustín Codazzi a79 p. aDISEÑO URBANO